000 00681nam a2200181 a 4500
003 0
005 20250306112842.0
008 101013s19uu xx 00 eng d
050 _aPHS UG 1282.A8
_b.C81 2010
100 _aCordova, Jeremiah Anton M.
245 _aWas the bombing of Hiroshima and Nagasaki necessary in ending the world war? /
_cJeremiah Anton M. Cordova.
260 _aLas PiƱas City, Philippines :
_bSouthville International School and Colleges,
_c2010.
300 _a17 pages ;
_c30 cm.
504 _aIncludes bibliographical references.
650 _aNuclear warfare
_xMoral and ethical aspects.
650 _aAtomic bomb
_xMilitary aspects.
942 _2lcc
_cPASS
999 _c98454
_d98454